[Event "Paris ch 2005"]
[Site "Paris FRA"]
[Date "2005.07.15"]
[Round "7.37"]
[White "Lepan, Marvin"]
[Black "Schlawin, Marlon"]
[Result "0-1"]
[WhiteElo "2217"]
[BlackElo "2302"]
[PlyCount "108"]
[EventDate "2005.07.09"]
[EventType "swiss"]
[EventRounds "9"]
[EventCountry "FRA"]
[Source "lmi"]
[SourceDate "2005.07.17"]

1. Nf3 c5 2. c4 Nf6 3. g3 e6 4. Bg2 Nc6 5. O-O Be7 6. Nc3 O-O 7. d4 cxd4 8.
Nxd4 Nxd4 9. Qxd4 d6 10. Rd1 a6 11. b3 Qc7 12. Ba3 Rd8 13. Rac1 Rb8 14. Bb4 b6
15. a4 Bb7 16. Bxb7 Qxb7 17. Qf4 Qc6 18. e4 h6 19. Rc2 Nd7 20. Qe3 Nc5 21. Rb1
Bf6 22. Re2 Kh7 23. h4 g6 24. Kh2 Bg7 25. f3 Rb7 26. Rd2 Rf8 27. Ne2 f5 28.
Bxc5 bxc5 29. Nf4 fxe4 30. Qxe4 Qxe4 31. fxe4 Be5 32. Nd3 Bd4 33. Kg2 Rfb8 34.
Nc1 Rb4 35. Ne2 Be5 36. Rf1 Rxb3 37. Rf7+ Kg8 38. Ra7 Rf8 39. Rxa6 Rbf3 40. Nf4
Rxg3+ 41. Kxg3 Bxf4+ 42. Kg2 Bxd2 43. Rxd6 Be1 44. Rxe6 Rf2+ 45. Kg1 Kf7 46.
Ra6 Ra2 47. e5 Bc3 48. Kf1 Bxe5 49. Ra7+ Kf6 50. a5 Kf5 51. h5 gxh5 52. a6 h4
53. Rf7+ Ke4 54. Rh7 Rxa6 0-1

[Event "Paris ch 2005"]
[Site "Paris FRA"]
[Date "2005.07.15"]
[Round "7.38"]
[White "Houhou, Olivier"]
[Black "Dudognon, Marc"]
[Result "1-0"]
[WhiteElo "2253"]
[BlackElo "2227"]
[PlyCount "85"]
[EventDate "2005.07.09"]
[EventType "swiss"]
[EventRounds "9"]
[EventCountry "FRA"]
[Source "lmi"]
[SourceDate "2005.07.17"]

1. e4 c5 2. c3 Nf6 3. e5 Nd5 4. d4 cxd4 5. Nf3 Nc6 6. Bc4 e6 7. cxd4 d6 8. O-O
Nb6 9. Bb3 dxe5 10. dxe5 Qxd1 11. Rxd1 Be7 12. Nc3 O-O 13. a4 Nd7 14. Bf4 Nc5
15. Bc4 b6 16. Nd4 Nb4 17. Ndb5 Bb7 18. Nd6 Bc6 19. a5 Rfd8 20. axb6 axb6 21.
Rac1 h6 22. Ncb5 Bxb5 23. Bxb5 Nd5 24. Bg3 Bg5 25. Ra1 Nb4 26. f4 Be7 27. Rxa8
Rxa8 28. Be1 Nc2 29. b4 Na6 30. Bc6 Rd8 31. b5 Nc5 32. Bf2 Na4 33. Rd2 Na3 34.
Kf1 Bxd6 35. exd6 Nc4 36. Rd4 Nab2 37. d7 Kf8 38. Be1 f6 39. Bb4+ Kf7 40. Ke2
f5 41. Bc3 Ke7 42. Bxb2 Nxb2 43. Rb4 1-0

[Event "Paris ch 2005"]
[Site "Paris FRA"]
[Date "2005.07.15"]
[Round "7.39"]
[White "Tillet, Louis-Juan"]
[Black "Bakhmatov, Eduard"]
[Result "0-1"]
[WhiteElo "2216"]
[BlackElo "2373"]
[PlyCount "94"]
[EventDate "2005.07.09"]
[EventType "swiss"]
[EventRounds "9"]
[EventCountry "FRA"]
[Source "lmi"]
[SourceDate "2005.07.17"]

1. e4 g6 2. d4 Bg7 3. Nc3 d6 4. Bc4 Nf6 5. Qe2 c6 6. e5 dxe5 7. dxe5 Nd5 8. Bd2
Nxc3 9. Bxc3 O-O 10. a4 c5 11. h3 Nc6 12. Nf3 e6 13. O-O b6 14. Rad1 Qc7 15.
Rfe1 Bb7 16. Ba6 Bxa6 17. Qxa6 Rad8 18. Qe2 Rfe8 19. Qe4 Ne7 20. b3 Qc6 21.
Rxd8 Rxd8 22. Qh4 Re8 23. Ng5 h6 24. Ne4 g5 25. Qh5 Nd5 26. Nf6+ Bxf6 27. exf6
Nf4 28. Qg4 Rd8 29. h4 Qd5 30. hxg5 Qxg5 31. Qxg5+ hxg5 32. Re5 Rd5 33. Rxd5
exd5 34. Be5 a6 35. Bxf4 gxf4 36. Kh2 b5 37. axb5 axb5 38. Kh3 c4 39. Kg4 d4
40. bxc4 d3 41. cxd3 b4 42. c5 Kf8 43. Kxf4 b3 44. c6 Ke8 45. Ke5 b2 46. Kd6
b1=Q 47. d4 Qb4+ 0-1

[Event "Paris ch 2005"]
[Site "Paris FRA"]
[Date "2005.07.15"]
[Round "7.40"]
[White "Montabord, Manuel"]
[Black "Templier, Nicolas"]
[Result "1/2-1/2"]
[WhiteElo "2200"]
[BlackElo "2290"]
[PlyCount "74"]
[EventDate "2005.07.09"]
[EventType "swiss"]
[EventRounds "9"]
[EventCountry "FRA"]
[Source "lmi"]
[SourceDate "2005.07.17"]

1. e4 c5 2. Nf3 d6 3. Bc4 Nf6 4. d3 e6 5. Nbd2 Be7 6. c3 O-O 7. O-O b6 8. Bb3
Bb7 9. Re1 Nc6 10. Nf1 Rc8 11. Ng3 a5 12. a4 Ba6 13. Bc4 Bxc4 14. dxc4 Ne5 15.
Nxe5 dxe5 16. Qxd8 Rfxd8 17. f3 Rd7 18. Kf1 Ne8 19. Ke2 Bh4 20. Rd1 Rxd1 21.
Kxd1 Nd6 22. b3 Bxg3 23. hxg3 f5 24. exf5 exf5 25. Ra2 Kf7 26. Be3 Ke6 27. Re2
Kd7 28. Re1 Re8 29. Rh1 h6 30. Rh4 Re6 31. Rh1 Kc6 32. Re1 Nf7 33. Kc2 Rg6 34.
Bf2 f4 35. Rh1 fxg3 36. Be1 Nd6 37. Kd3 Rg5 1/2-1/2

[Event "Paris ch 2005"]
[Site "Paris FRA"]
[Date "2005.07.15"]
[Round "7.41"]
[White "Gonzalez Diaz, Julio"]
[Black "Vasilescu, Victor"]
[Result "1-0"]
[WhiteElo "2237"]
[BlackElo "2208"]
[PlyCount "83"]
[EventDate "2005.07.09"]
[EventType "swiss"]
[EventRounds "9"]
[EventCountry "FRA"]
[Source "lmi"]
[SourceDate "2005.07.17"]

1. d4 g6 2. g3 Bg7 3. Bg2 d6 4. e4 Nd7 5. Ne2 e5 6. O-O Ngf6 7. Nbc3 O-O 8. h3
c6 9. a4 Qc7 10. Be3 Re8 11. f4 b6 12. g4 h6 13. Qd2 exd4 14. Bxd4 Bb7 15. Rf2
Rad8 16. Raf1 c5 17. Bxf6 Nxf6 18. Ng3 Nh7 19. Kh1 a6 20. Rf3 Qe7 21. Rd3 Bc6
22. Nd5 Bxd5 23. Rxd5 Qh4 24. Rd3 c4 25. Re3 Bxb2 26. Rb1 Qf6 27. c3 Ba3 28.
Ree1 Bc5 29. Bf1 Qh4 30. Kg2 Qf6 31. Bxc4 a5 32. Re2 Qe7 33. Rbe1 Qc7 34. Qa2
Nf8 35. Rf1 Kg7 36. f5 f6 37. fxg6 Kxg6 38. Nh5 Nh7 39. Be6 Qe7 40. Bf5+ Kg5
41. Qd2+ Kh4 42. Qe1+ 1-0

[Event "Paris ch 2005"]
[Site "Paris FRA"]
[Date "2005.07.15"]
[Round "7.42"]
[White "Leroux, Richard"]
[Black "Larrat, Philippe"]
[Result "1-0"]
[WhiteElo "2200"]
[BlackElo "2195"]
[PlyCount "131"]
[EventDate "2005.07.09"]
[EventType "swiss"]
[EventRounds "9"]
[EventCountry "FRA"]
[Source "lmi"]
[SourceDate "2005.07.17"]

1. d4 Nf6 2. c4 c5 3. d5 e6 4. Nc3 exd5 5. cxd5 Bd6 6. Bg5 O-O 7. Qd3 h6 8. Bh4
Re8 9. Nf3 Be5 10. Nxe5 Rxe5 11. f4 Re8 12. d6 Re6 13. e4 Qf8 14. O-O-O Nc6 15.
e5 Nh7 16. Qe4 g5 17. Bd3 Qg7 18. Qxh7+ Qxh7 19. Bxh7+ Kxh7 20. fxg5 hxg5 21.
Bxg5 Nxe5 22. Nd5 Rb8 23. Nf4 Re8 24. Rhe1 Kg7 25. Be7 Ng6 26. Nd5 Nxe7 27.
dxe7 d6 28. Nc7 Be6 29. Nxe8+ Rxe8 30. Rxd6 Rxe7 31. Kd2 Re8 32. h4 Rh8 33. g3
a6 34. a3 Rh5 35. Kc3 Rf5 36. Re3 Rf1 37. Rb6 Bd5 38. Rd6 Be6 39. Rd8 Rc1+ 40.
Kd2 Rb1 41. Rxe6 fxe6 42. Rd7+ Kf6 43. Rxb7 Rg1 44. Rb3 Rg2+ 45. Ke1 Kg6 46.
Kf1 Rc2 47. Re3 Rxb2 48. Rxe6+ Kf5 49. Rxa6 Kg4 50. Rg6+ Kf3 51. Ke1 Ra2 52. h5
c4 53. h6 c3 54. Kd1 Rxa3 55. Kc2 Ke3 56. g4 Kd4 57. Rd6+ Ke5 58. Rd8 Ra7 59.
Rf8 Kd4 60. g5 Ra2+ 61. Kb3 Rb2+ 62. Ka3 Rh2 63. g6 Rxh6 64. g7 c2 65. Kb2 Kd3
66. Rd8+ 1-0

[Event "Paris ch 2005"]
[Site "Paris FRA"]
[Date "2005.07.15"]
[Round "7.43"]
[White "Guerin, Francois"]
[Black "Broca, Alexandre"]
[Result "1/2-1/2"]
[WhiteElo "2171"]
[BlackElo "2166"]
[PlyCount "164"]
[EventDate "2005.07.09"]
[EventType "swiss"]
[EventRounds "9"]
[EventCountry "FRA"]
[Source "lmi"]
[SourceDate "2005.07.17"]

1. e4 c5 2. Nf3 e6 3. c4 d6 4. d4 cxd4 5. Nxd4 a6 6. Be2 Qc7 7. O-O b6 8. Nc3
Bb7 9. Be3 Nf6 10. f3 Be7 11. Qd2 Nbd7 12. Rac1 Rc8 13. a3 O-O 14. Rfd1 Rfe8
15. Bf1 Qb8 16. b4 Bd8 17. Nb3 Bc7 18. Bf4 Ne5 19. Bxe5 dxe5 20. Kh1 Rcd8 21.
Qe3 Rxd1 22. Rxd1 Rd8 23. Rxd8+ Qxd8 24. c5 Nd7 25. c6 Bxc6 26. Bxa6 Nb8 27.
Be2 Be8 28. Qd2 Nc6 29. Qxd8 Bxd8 30. Nb5 Bd7 31. Kg1 h5 32. Kf2 h4 33. g3 Bg5
34. Bc4 Kf8 35. Nc3 Be7 36. Na4 Bd8 37. Nc3 Ke8 38. Ke3 Bg5+ 39. Kd3 Kd8 40.
Nb5 Be7 41. Na1 g6 42. Nc2 Kc8 43. Ne3 Kb8 44. Nd1 f5 45. Ndc3 Nd8 46. Na4 Kb7
47. Nbc3 Nf7 48. Nb2 Nd6 49. Bb3 b5 50. Ne2 Nf7 51. Nd1 Ng5 52. Ke3 Bd8 53.
Nec3 f4+ 54. gxf4 Bb6+ 55. Ke2 exf4 56. Bc2 Bg1 57. Nb2 Bd4 58. Ncd1 e5 59. Nd3
Kb6 60. Bb3 Bh3 61. Ne1 Nh7 62. Nf2 Bxf2 63. Kxf2 Kc6 64. Bf7 g5 65. Nd3 Kd6
66. Be8 g4 67. fxg4 Nf6 68. Bxb5 Nxe4+ 69. Kf3 Nc3 70. Nxf4 exf4 71. Kxf4 Nxb5
72. Kg5 Bf1 73. Kxh4 Nxa3 74. Kg5 Ke7 75. Kg6 Kf8 76. h4 Nc2 77. g5 Nxb4 78.
Kh7 Bd3+ 79. g6 Nd5 80. h5 Nf4 81. Kh8 Nxh5 82. g7+ Nxg7 1/2-1/2

[Event "Paris ch 2005"]
[Site "Paris FRA"]
[Date "2005.07.16"]
[Round "8.2"]
[White "Vijayalakshmi, Subbaraman"]
[Black "Kazhgaleyev, Murtas"]
[Result "1/2-1/2"]
[WhiteElo "2414"]
[BlackElo "2619"]
[PlyCount "56"]
[EventDate "2005.07.09"]
[EventType "swiss"]
[EventRounds "9"]
[EventCountry "FRA"]
[Source "lmi"]
[SourceDate "2005.07.17"]

1. d4 g6 2. c4 Bg7 3. g3 d6 4. Bg2 Nd7 5. Nf3 e5 6. Nc3 Ne7 7. h4 h6 8. dxe5
dxe5 9. Be3 Nf5 10. Qd2 Nxe3 11. Qxe3 O-O 12. Rd1 c6 13. h5 g5 14. Ne4 f5 15.
Nd6 e4 16. Nd4 Qa5+ 17. Kf1 Nf6 18. c5 Nd5 19. Qc1 Qxa2 20. g4 fxg4 21. Bxe4 g3
22. N4f5 Bxf5 23. Nxf5 g2+ 24. Kxg2 Nf4+ 25. Kf1 Qe6 26. Qc2 Rae8 27. f3 Qe5
28. Rd7 Rxf5 1/2-1/2

[Event "Paris ch 2005"]
[Site "Paris FRA"]
[Date "2005.07.16"]
[Round "8.3"]
[White "Sadvakasov, Darmen"]
[Black "Gouliev, Namig"]
[Result "1/2-1/2"]
[WhiteElo "2610"]
[BlackElo "2555"]
[PlyCount "97"]
[EventDate "2005.07.09"]
[EventType "swiss"]
[EventRounds "9"]
[EventCountry "FRA"]
[Source "lmi"]
[SourceDate "2005.07.17"]

1. e4 e6 2. d4 d5 3. Nc3 dxe4 4. Nxe4 Nd7 5. Nf3 Ngf6 6. Nxf6+ Nxf6 7. Be3 Nd5
8. Bd2 Be7 9. c4 Nf6 10. Qc2 O-O 11. O-O-O b6 12. Bc3 Bb7 13. Bd3 Qd6 14. Ne5
c5 15. dxc5 Qxc5 16. Rhe1 Rad8 17. g4 g6 18. h4 Rd6 19. h5 g5 20. f4 Rfd8 21.
b4 Qc7 22. fxg5 Ne4 23. g6 hxg6 24. hxg6 Bg5+ 25. Kb2 f6 26. Nf7 Nxc3 27. Qxc3
Bf3 28. Nxd6 Bxd1 29. Ne4 Bxg4 30. Nxg5 fxg5 31. Rh1 Qg7 32. Qxg7+ Kxg7 33.
Rh7+ Kg8 34. Kc3 Bf5 35. Bxf5 exf5 36. Rh5 f4 37. Rxg5 Rf8 38. Kd3 f3 39. Rg1
Rf4 40. Rc1 f2 41. Ke2 f1=Q+ 42. Rxf1 Rxc4 43. Rf7 Rc2+ 44. Kd3 Rxa2 45. Rb7
Ra1 46. Kc4 Rc1+ 47. Kd4 Ra1 48. Kc3 Ra3+ 49. Kb2 1/2-1/2

[Event "Paris ch 2005"]
[Site "Paris FRA"]
[Date "2005.07.16"]
[Round "8.4"]
[White "Bagheri, Amir"]
[Black "Landa, Konstantin"]
[Result "1/2-1/2"]
[WhiteElo "2537"]
[BlackElo "2609"]
[PlyCount "83"]
[EventDate "2005.07.09"]
[EventType "swiss"]
[EventRounds "9"]
[EventCountry "FRA"]
[Source "lmi"]
[SourceDate "2005.07.17"]

1. d4 Nf6 2. Nf3 d5 3. Bf4 c5 4. c3 Qb6 5. Qb3 c4 6. Qxb6 axb6 7. Nbd2 Nc6 8.
a3 b5 9. Rc1 h6 10. h3 Bf5 11. e3 Nd7 12. Be2 Nb6 13. Bd1 Na4 14. Bc2 e6 15. g4
Bh7 16. Bxh7 Rxh7 17. Rc2 g5 18. Bg3 f5 19. gxf5 exf5 20. h4 g4 21. Ng1 Nd8 22.
Ne2 Ne6 23. Nf1 Kd7 24. Be5 Bd6 25. Nfg3 Bxe5 26. dxe5 Nac5 27. O-O Nd3 28. Rd2
Rf7 29. Rfd1 f4 30. Nh5 fxe3 31. fxe3 Ke7 32. Nef4 Nexf4 33. Nxf4 Rd8 34. Nxd3
cxd3 35. Rxd3 Ke6 36. Rd4 h5 37. Rb4 Rdf8 38. Rxb5 Rf3 39. Rbxd5 Rg3+ 40. Kh2
Rh3+ 41. Kg2 Rff3 42. Rd6+ 1/2-1/2

[Event "Paris ch 2005"]
[Site "Paris FRA"]
[Date "2005.07.16"]
[Round "8.5"]
[White "Moradiabadi, Elshan"]
[Black "Malakhatko, Vadim"]
[Result "1/2-1/2"]
[WhiteElo "2485"]
[BlackElo "2556"]
[PlyCount "37"]
[EventDate "2005.07.09"]
[EventType "swiss"]
[EventRounds "9"]
[EventCountry "FRA"]
[Source "lmi"]
[SourceDate "2005.07.17"]

1. d4 d5 2. c4 c6 3. Nf3 Nf6 4. Nc3 dxc4 5. a4 Bf5 6. e3 e6 7. Bxc4 Bb4 8. O-O
Nbd7 9. Qe2 Bg6 10. e4 O-O 11. Bd3 Bh5 12. e5 Nd5 13. Nxd5 cxd5 14. Qe3 Be7 15.
Bd2 Nb8 16. a5 a6 17. Ne1 Bg6 18. f4 Nc6 19. g4 1/2-1/2

[Event "Paris ch 2005"]
[Site "Paris FRA"]
[Date "2005.07.16"]
[Round "8.6"]
[White "Fressinet, Laurent"]
[Black "Drasko, Milan"]
[Result "1/2-1/2"]
[WhiteElo "2627"]
[BlackElo "2516"]
[PlyCount "135"]
[EventDate "2005.07.09"]
[EventType "swiss"]
[EventRounds "9"]
[EventCountry "FRA"]
[Source "lmi"]
[SourceDate "2005.07.17"]

1. e4 e6 2. d4 d5 3. Nc3 Bb4 4. e5 c5 5. a3 Bxc3+ 6. bxc3 Ne7 7. Qg4 O-O 8. Bd3
Nbc6 9. Qh5 Ng6 10. Nf3 Qc7 11. Be3 Nce7 12. h4 Bd7 13. a4 f5 14. exf6 Rxf6 15.
Bg5 cxd4 16. cxd4 Qc3+ 17. Ke2 h6 18. Bd2 Nf4+ 19. Bxf4 Rxf4 20. Qe5 Raf8 21.
Qe3 Kh8 22. Rhd1 Nc6 23. Bg6 Qxe3+ 24. Kxe3 Rg4 25. Bd3 Rxg2 26. Rg1 Rxg1 27.
Rxg1 Be8 28. Rb1 b6 29. Bb5 Bh5 30. Ne1 Ne7 31. Bd3 Bg6 32. Bxg6 Nxg6 33. Nf3
Rf4 34. c3 Re4+ 35. Kd2 Nxh4 36. Ne5 Kh7 37. Nc6 Rf4 38. Nxa7 Rxf2+ 39. Kd3 Ra2
40. Rxb6 Rxa4 41. Nb5 Ng2 42. Nc7 Nf4+ 43. Ke3 Rc4 44. Kxf4 Rxc7 45. Rxe6 Rxc3
46. Rd6 g5+ 47. Kg4 Re3 48. Rd7+ Kg6 49. Rd6+ Kg7 50. Rxd5 Kf6 51. Rd8 Re4+ 52.
Kf3 Ke7 53. Rh8 Rh4 54. Kg3 Kf6 55. Kf3 Kg7 56. Rd8 Rf4+ 57. Ke3 h5 58. d5 Rf8
59. Rd7+ Kg6 60. d6 g4 61. Rc7 g3 62. d7 g2 63. Rc1 Rf1 64. Rxf1 gxf1=Q 65.
d8=Q Qf5 66. Qd6+ Kg5 67. Qg3+ Kf6 68. Qf4 1/2-1/2

[Event "Paris ch 2005"]
[Site "Paris FRA"]
[Date "2005.07.16"]
[Round "8.7"]
[White "Tregubov, Pavel V"]
[Black "Sher, Miron N"]
[Result "1/2-1/2"]
[WhiteElo "2607"]
[BlackElo "2420"]
[PlyCount "152"]
[EventDate "2005.07.09"]
[EventType "swiss"]
[EventRounds "9"]
[EventCountry "FRA"]
[Source "lmi"]
[SourceDate "2005.07.17"]

1. d4 Nf6 2. c4 g6 3. Nc3 Bg7 4. e4 O-O 5. Nge2 c6 6. Ng3 d6 7. Be2 a6 8. f4 b5
9. e5 Ne8 10. Be3 bxc4 11. Bxc4 Nc7 12. O-O a5 13. f5 Ba6 14. Bxa6 Nbxa6 15.
Bf4 dxe5 16. dxe5 Qxd1 17. Raxd1 Rfd8 18. Rfe1 Nd5 19. Bg5 Nac7 20. Rc1 h6 21.
Nxd5 Nxd5 22. Bxe7 Nxe7 23. f6 Rd5 24. fxg7 Kxg7 25. Re2 a4 26. a3 Raa5 27. Rc4
Rxe5 28. Rxe5 Rxe5 29. Rxa4 Re1+ 30. Kf2 Rc1 31. Rb4 Rc2+ 32. Kf3 f5 33. a4 Rc5
34. Ne2 Kf6 35. Nc3 g5 36. Ke3 Ke5 37. Rb8 Nd5+ 38. Nxd5 Kxd5 39. Kd3 Rc1 40.
b4 Rg1 41. Rd8+ Ke6 42. Re8+ Kd5 43. g3 Ra1 44. Rd8+ Ke5 45. Ra8 Ra2 46. a5 Kd6
47. Rd8+ Kc7 48. Rf8 Rxh2 49. Rxf5 Rg2 50. Rf3 h5 51. Kc4 h4 52. gxh4 gxh4 53.
Rf7+ Kd6 54. Rh7 Rh2 55. Kb3 Rh1 56. Kb2 Rh2+ 57. Kb3 Rh1 58. Rh6+ Kc7 59. Rh8
Rh3+ 60. Kc4 Rh1 61. Rh7+ Kd6 62. Rh6+ Kc7 63. Rh7+ Kd6 64. a6 Rc1+ 65. Kb3 Ra1
66. a7 h3 67. Kc4 h2 68. Rxh2 Rxa7 69. Rh6+ Kc7 70. Kc5 Ra1 71. Rh7+ Kc8 72.
Kb6 Rg1 73. Rh8+ Kd7 74. Rh7+ Kc8 75. Rc7+ Kb8 76. Rxc6 Rg8 1/2-1/2

[Event "Paris ch 2005"]
[Site "Paris FRA"]
[Date "2005.07.16"]
[Round "8.9"]
[White "Shchekachev, Andrei"]
[Black "Meinhardt, Maximilian"]
[Result "1/2-1/2"]
[WhiteElo "2570"]
[BlackElo "2324"]
[PlyCount "132"]
[EventDate "2005.07.09"]
[EventType "swiss"]
[EventRounds "9"]
[EventCountry "FRA"]
[Source "lmi"]
[SourceDate "2005.07.17"]

1. Nf3 d5 2. d4 e6 3. c4 c5 4. cxd5 exd5 5. g3 Nc6 6. Bg2 Nf6 7. O-O Be7 8.
dxc5 Bxc5 9. Nc3 O-O 10. b3 a6 11. Bb2 Re8 12. e3 Bf5 13. Ne2 Be4 14. Rc1 Ba7
15. Nf4 Rc8 16. Bh3 Ra8 17. Nd4 Ne5 18. Nde6 Nf3+ 19. Qxf3 Bxf3 20. Nxd8 Raxd8
21. Bxf6 gxf6 22. Bg2 Bxg2 23. Kxg2 d4 24. Nh5 Re6 25. exd4 Bxd4 26. Rfd1 Kf8
27. Rc2 Red6 28. Rd3 b6 29. Rcd2 f5 30. Rf3 Bc5 31. Rxd6 Rxd6 32. Rxf5 Rd2 33.
a4 Rb2 34. Nf6 Ke7 35. Rf3 Bd4 36. Nxh7 b5 37. axb5 axb5 38. Ng5 f6 39. Ne4 b4
40. Rd3 Be5 41. g4 Ke6 42. h4 Rc2 43. Rd2 Rc1 44. Re2 Kd5 45. f4 Bd4 46. Ng3
Rg1+ 47. Kh2 Rb1 48. Nf5 Rxb3 49. h5 Bc3 50. h6 Ra3 51. h7 Ra8 52. Ne7+ Kc4 53.
Ng8 f5 54. Rc2 Kb3 55. Rg2 Ra7 56. g5 Rxh7+ 57. Kg3 Ka3 58. Nh6 b3 59. Nxf5 b2
60. Rxb2 Bxb2 61. Kg4 Kb4 62. g6 Rh1 63. Kg5 Rg1+ 64. Kh6 Bc1 65. g7 Bxf4+ 66.
Kh7 Rxg7+ 1/2-1/2

[Event "Paris ch 2005"]
[Site "Paris FRA"]
[Date "2005.07.16"]
[Round "8.10"]
[White "Pelikian, Jefferson"]
[Black "Yakovich, Yuri"]
[Result "0-1"]
[WhiteElo "2405"]
[BlackElo "2560"]
[PlyCount "68"]
[EventDate "2005.07.09"]
[EventType "swiss"]
[EventRounds "9"]
[EventCountry "FRA"]
[Source "lmi"]
[SourceDate "2005.07.17"]

1. e4 c5 2. Nf3 d6 3. Bc4 Nc6 4. O-O Nf6 5. Re1 g6 6. d3 Bg7 7. h3 O-O 8. Nc3
a6 9. a4 e6 10. Bg5 h6 11. Bh4 Qc7 12. Bg3 Nd7 13. Qd2 Kh7 14. Rab1 Rb8 15. Ne2
b5 16. axb5 axb5 17. Bb3 e5 18. Nc3 Ne7 19. Nd5 Nxd5 20. Bxd5 Nb6 21. Bb3 c4
22. Ba2 Ra8 23. Ra1 Be6 24. dxc4 bxc4 25. Red1 c3 26. bxc3 Rxa2 27. Rxa2 Bxa2
28. Qxd6 Rc8 29. Qxc7 Rxc7 30. Ra1 Be6 31. Nxe5 Rxc3 32. Ra6 Nc4 33. Nd3 Rxc2
34. Nf4 Nd2 0-1

[Event "Paris ch 2005"]
[Site "Paris FRA"]
[Date "2005.07.16"]
[Round "8.11"]
[White "Hess, Robert L"]
[Black "Apicella, Manuel"]
[Result "1/2-1/2"]
[WhiteElo "2278"]
[BlackElo "2553"]
[PlyCount "98"]
[EventDate "2005.07.09"]
[EventType "swiss"]
[EventRounds "9"]
[EventCountry "FRA"]
[Source "lmi"]
[SourceDate "2005.07.17"]

1. e4 e6 2. d4 d5 3. exd5 exd5 4. Bf4 Bd6 5. Bxd6 Qxd6 6. Nc3 Bf5 7. Bd3 Bxd3
8. Qxd3 Nd7 9. Nf3 O-O-O 10. O-O Ngf6 11. Rfe1 Rde8 12. Ng5 Qf8 13. Rxe8+ Qxe8
14. Qe2 Qxe2 15. Nxe2 Rf8 16. Ng3 h6 17. Nf3 g6 18. Re1 Re8 19. Rxe8+ Nxe8 20.
Ne2 Kd8 21. Nf4 c6 22. Nd3 Ke7 23. Nfe5 Nf8 24. Kf1 f6 25. Nf3 Ne6 26. Ke2 Nd6
27. c3 b6 28. g3 c5 29. dxc5 bxc5 30. Nde1 Nc4 31. Nd3 Nb6 32. b3 a5 33. Nh4
Kf7 34. Ng2 d4 35. cxd4 cxd4 36. Ngf4 g5 37. Nxe6 Kxe6 38. Nb2 Kd5 39. Kd3 Nd7
40. Nc4 a4 41. f3 axb3 42. axb3 Ne5+ 43. Nxe5 fxe5 44. h3 Kc5 45. Ke4 Kb4 46.
Kd3 h5 47. h4 gxh4 48. gxh4 Kxb3 49. f4 exf4 1/2-1/2

[Event "Paris ch 2005"]
[Site "Paris FRA"]
[Date "2005.07.16"]
[Round "8.12"]
[White "Kengis, Edvins"]
[Black "Serafimov, Tervel"]
[Result "1-0"]
[WhiteElo "2534"]
[BlackElo "2405"]
[PlyCount "89"]
[EventDate "2005.07.09"]
[EventType "swiss"]
[EventRounds "9"]
[EventCountry "FRA"]
[Source "lmi"]
[SourceDate "2005.07.17"]

1. Nf3 g6 2. e4 Bg7 3. d4 c6 4. Nc3 d5 5. h3 dxe4 6. Nxe4 Nd7 7. Bd3 Ngf6 8.
Nxf6+ Nxf6 9. O-O Bf5 10. Bxf5 gxf5 11. Bf4 e6 12. Re1 O-O 13. c3 Qb6 14. Qc1
Ne4 15. Bh6 Qd8 16. Bxg7 Kxg7 17. Qf4 h6 18. h4 Kh7 19. Ne5 Nf6 20. g3 Qc7 21.
Ng6 Rfc8 22. Qxc7 Rxc7 23. Ne5 Rg8 24. Kg2 Kg7 25. Rad1 Rd8 26. Nd3 Rd5 27. f3
Nd7 28. Nf4 Rd6 29. g4 fxg4 30. fxg4 Nf6 31. Kf3 c5 32. g5 hxg5 33. hxg5 Nh7
34. g6 Nf8 35. gxf7 cxd4 36. Ke4 Kxf7 37. Rf1 Ke7 38. cxd4 Rc2 39. Rg1 Rd7 40.
Rg8 Rh2 41. Rdg1 Rh4 42. Ke5 Rxf4 43. Kxf4 Rxd4+ 44. Ke3 Rd7 45. Rf1 1-0

[Event "Paris ch 2005"]
[Site "Paris FRA"]
[Date "2005.07.16"]
[Round "8.13"]
[White "Abergel, Thal"]
[Black "Govciyan, Pavel"]
[Result "1-0"]
[WhiteElo "2446"]
[BlackElo "2328"]
[PlyCount "87"]
[EventDate "2005.07.09"]
[EventType "swiss"]
[EventRounds "9"]
[EventCountry "FRA"]
[Source "lmi"]
[SourceDate "2005.07.17"]

1. e4 e5 2. Nf3 Nc6 3. Bc4 Nf6 4. d3 Be7 5. O-O O-O 6. Re1 d6 7. a4 Kh8 8. c3
Ng8 9. b4 a6 10. Qb3 f5 11. Nbd2 g6 12. d4 Bf6 13. dxe5 dxe5 14. Ba3 f4 15. b5
axb5 16. axb5 Na5 17. Qc2 Ne7 18. Bb4 b6 19. Nb3 g5 20. Nxa5 bxa5 21. Rxa5 Rxa5
22. Bxa5 g4 23. Rd1 Qe8 24. Ne1 Bb7 25. Bxc7 Qg6 26. Bd5 Nxd5 27. exd5 Qf7 28.
d6 Qd7 29. c4 e4 30. c5 Qxb5 31. d7 Ba6 32. Nf3 gxf3 33. d8=Q Bxd8 34. Bxd8
fxg2 35. Kxg2 e3 36. Qc3+ Kg8 37. Rg1 Rxd8 38. Qf6 Qf1+ 39. Rxf1 Bxf1+ 40. Kxf1
Rd1+ 41. Kg2 Rd2 42. Qxf4 Rxf2+ 43. Qxf2 exf2 44. c6 1-0

[Event "Paris ch 2005"]
[Site "Paris FRA"]
[Date "2005.07.16"]
[Round "8.15"]
[White "Perez, Rodney"]
[Black "Goldsztejn, Gildas"]
[Result "1-0"]
[WhiteElo "2442"]
[BlackElo "2330"]
[PlyCount "101"]
[EventDate "2005.07.09"]
[EventType "swiss"]
[EventRounds "9"]
[EventCountry "FRA"]
[Source "lmi"]
[SourceDate "2005.07.17"]

1. e4 c6 2. d4 d5 3. Nc3 dxe4 4. Nxe4 Bf5 5. Ng3 Bg6 6. N1e2 Nf6 7. Nf4 e5 8.
Nxg6 hxg6 9. Be3 Nbd7 10. dxe5 Qa5+ 11. Qd2 Qxd2+ 12. Bxd2 Nxe5 13. Be2 Bd6 14.
O-O O-O-O 15. Rad1 Rhe8 16. Bg5 Bc7 17. Rxd8+ Bxd8 18. Rd1 Bb6 19. h3 Rd8 20.
Rxd8+ Bxd8 21. Kf1 Nd5 22. Bd2 b5 23. Ne4 Be7 24. Ke1 f5 25. Nc3 Nb6 26. b3 b4
27. Nd1 Nd5 28. Ne3 Nxe3 29. Bxe3 c5 30. f4 Nc6 31. Bc4 Nd8 32. Bg8 Bd6 33. g3
Nc6 34. Bf7 Ne7 35. Ke2 Kc7 36. Kd3 g5 37. fxg5 Bxg3 38. Bxc5 Nc6 39. Be8 Ne5+
40. Ke2 a5 41. g6 Bf4 42. a3 Kd8 43. Bf7 Nc6 44. axb4 axb4 45. h4 Be5 46. h5
Kd7 47. Bg8 Nd4+ 48. Kd3 Ne6 49. Bxe6+ Kxe6 50. Bxb4 Bc7 51. Bc3 1-0

[Event "Paris ch 2005"]
[Site "Paris FRA"]
[Date "2005.07.16"]
[Round "8.16"]
[White "Sriram, Jha"]
[Black "Spielmann, Alain"]
[Result "1/2-1/2"]
[WhiteElo "2437"]
[BlackElo "2283"]
[PlyCount "117"]
[EventDate "2005.07.09"]
[EventType "swiss"]
[EventRounds "9"]
[EventCountry "FRA"]
[Source "lmi"]
[SourceDate "2005.07.17"]

1. c4 Nf6 2. Nc3 g6 3. e4 e5 4. Nf3 Bg7 5. Nxe5 Nxe4 6. Nxe4 Bxe5 7. d4 Bg7 8.
Bg5 f6 9. Be3 O-O 10. g3 f5 11. Nc3 d6 12. Bg2 c6 13. Qd2 Nd7 14. O-O Nf6 15.
Rfe1 a5 16. Re2 a4 17. Rae1 Re8 18. d5 c5 19. Nb5 Bf8 20. Bg5 Rxe2 21. Rxe2 Bd7
22. Nc3 Be7 23. Qe3 Kf7 24. g4 h6 25. gxf5 Bxf5 26. Bxh6 Ng4 27. Qf4 Qh8 28.
Bg5 Bxg5 29. Qxg5 Qxh2+ 30. Kf1 Re8 31. Rxe8 Kxe8 32. Qd2 Ne5 33. Ne4 Bxe4 34.
Bxe4 Qh3+ 35. Ke1 Qg4 36. Qe3 Qg1+ 37. Ke2 Kd8 38. b3 axb3 39. axb3 g5 40. Qh3
Qg4+ 41. Qxg4 Nxg4 42. Bf5 Ne5 43. Ke3 Ke7 44. f4 gxf4+ 45. Kxf4 Kf6 46. Bc2
Nf7 47. Bf5 Ne5 48. Bc2 Ng6+ 49. Bxg6 Kxg6 50. Ke4 Kg5 51. Kd3 Kf4 52. Kc2 Ke4
53. Kb2 Kd3 54. Ka3 Kc3 55. Ka4 Kd4 56. Kb5 Kc3 57. Ka4 Kd4 58. Kb5 Kc3 59. Ka4
1/2-1/2

[Event "Paris ch 2005"]
[Site "Paris FRA"]
[Date "2005.07.16"]
[Round "8.18"]
[White "Rrhioua, Tarik"]
[Black "Marcelin, Cyril"]
[Result "1/2-1/2"]
[WhiteElo "2315"]
[BlackElo "2481"]
[PlyCount "27"]
[EventDate "2005.07.09"]
[EventType "swiss"]
[EventRounds "9"]
[EventCountry "FRA"]
[Source "lmi"]
[SourceDate "2005.07.17"]

1. Nf3 d5 2. g3 c6 3. Bg2 Bg4 4. O-O Nd7 5. d4 e6 6. Nbd2 f5 7. Ne1 Bd6 8. Nd3
Nh6 9. Nf3 Nf7 10. Bf4 Be7 11. Nfe5 Nfxe5 12. Bxe5 Nxe5 13. Nxe5 Bh5 14. Bf3
1/2-1/2